000 00682nam a2200241Ia 4500
003 OSt
005 20221007070710.0
006 a|||||r|||| 00| 0
007 ta
008 221006b |||||||| |||| 00| 0 eng d
020 _a9780670090013
024 _a44,952
037 _cTextual
040 _aFLL
_cFLL
_beng
041 _2eng
_aeng
082 _aV2:58(4), Q7
100 _aCHANDRACHUD Abhinav
_9455443
245 0 _aRepublic of Rhetoric
_bFree speech and constitution of India
260 _aGurgaon
_bPenguin Random House India
_c2017
300 _a383p.
_ccm.
942 _hV2:58(4), Q7
_cTEXL
_2CC
999 _c1141273
_d1141273